Kindergarten /
Očima dívky z poměrně zámožné židovské rodiny se rozvíjí příběh pronásledování Židů - a to jak z německé, tak i z polské strany. Starší i mladá generace rodiny byla krutě pronásledována, většina dospělých členů postupně zahynula během války, stejně tak i některé z dětí nebo mladých lidí. Autorka zde...
Uloženo v:
| Hlavní autor: | |
|---|---|
| Médium: | E-kniha |
| Jazyk: | Czech |
| Vydáno: |
Praha :
Epocha,
2010
|
| Vydání: | Vyd. 1. |
| Témata: | |
| Příbuzné jednotky: | Přeloženo z:
Kindergarten |
| Tagy: |
Žádné tagy |
| LEADER | 02374nam a2200361 a 4500 | ||
|---|---|---|---|
| 001 | 291977 | ||
| 003 | CZ PrSKC | ||
| 005 | 20260407070738.0 | ||
| 007 | ta | ||
| 008 | 101015s2010 xr a e 000 f cze | ||
| 015 | |a cnb002131763 | ||
| 020 | |a 9788074250743 |q (váz.) | ||
| 035 | |a (OCoLC)693936861 | ||
| 040 | |a ABA001 |b cze | ||
| 041 | 1 | |a cze |h eng | |
| 072 | 7 | |a 821.111(73)-3 |x Americká próza |2 Konspekt | |
| 080 | |a 821.111(73)-31 |2 MRF | ||
| 080 | |a (0:82-31) |2 MRF | ||
| 100 | 1 | |a Ettinger, Elżbieta, |d 1925- |7 xx0020246 |4 aut | |
| 245 | 1 | 0 | |a Kindergarten / |c Elżbieta Ettingerová ; [z anglického originálu ... přeložila Jaroslava Rydziová] |
| 250 | |a Vyd. 1. | ||
| 260 | |a Praha : |b Epocha, |c 2010 | ||
| 300 | |a 253 s. : |b il. ; |c 21 cm | ||
| 520 | 2 | |a Očima dívky z poměrně zámožné židovské rodiny se rozvíjí příběh pronásledování Židů - a to jak z německé, tak i z polské strany. Starší i mladá generace rodiny byla krutě pronásledována, většina dospělých členů postupně zahynula během války, stejně tak i některé z dětí nebo mladých lidí. Autorka zde uplatňuje vlastní vzpomínky na své mládí v ghettu i později, kdy se zoufale snaží zapřít svůj židovský původ a vést aspoň trochu důstojný život (současně se snaží pomoci svým méně šťastným sourozencům). Román končí ještě v posledních měsících války, příběh zůstává nedokončený. Jen z poznámek na obalu se dozvíme, že autorka jediná ze své velké rodiny holocaust přežila a zbytek svého dlouhého života strávila v Americe, kde se stala známou spisovatelkou. | |
| 520 | 2 | |a Román americké židovské spisovatelky, která líčí - na základě vlastních zážitků - utrpení polských Židů za druhé světové války. | |
| 655 | 7 | |a americké romány |7 fd131796 |2 czenas | |
| 655 | 9 | |a American fiction |2 eczenas | |
| 765 | 0 | |t Kindergarten | |
| 900 | |a ABA001 |b 18 | ||
| 044 | |a xr | ||
| 910 | |a RBIT002 | ||
| 998 | |d 584 |a https://core.palmknihy.cz/api/books/584/cover?bgl8u0 |b https://core.palmknihy.cz/api/books/584/cover/400?d0q6kd |c https://core.palmknihy.cz/api/books/584/cover/50?x8eimu |e 2026-09-07 |g 256 |i 9788074250743 |j https://core.palmknihy.cz/api/books/584/preview.epub |k https://core.palmknihy.cz/api/books/584/preview.pdf |l |q 49 |r 1 |s https://www.palmknihy.cz/kniha/584 |t ebook |y 2010 |z 0 | ||
| 999 | |d 291975 | ||